[Event "Piacenza Ruscitti Memorial"]
[Site "Piacenza"]
[Date "2022.10.22"]
[Round "1"]
[White "Mrad, Anahid"]
[Black "Scovazzi, Tullio"]
[Result "0-1"]
[WhiteElo "1067"]
[BlackElo "1547"]
[PlyCount "133"]
[EventDate "2022.10.22"]
[EventType "swiss"]
[EventRounds "5"]
[EventCountry "ITA"]
[SourceTitle "EXT 2024"]
[Source "ChessBase"]
[SourceDate "2023.10.10"]
[SourceVersion "1"]
[SourceVersionDate "2023.10.10"]
[SourceQuality "1"]

1. e4 e5 2. Nf3 Nc6 3. Bc4 Be7 4. Nc3 Nf6 5. d4 d6 6. Be3 Bg4 7. Be2 0-0 8. 0-0 Qd7 9. d5 Nb8 10. Nb5 a6 11. Nc3 Rd8 12. h3 Bxf3 13. Bxf3 Qe8 14. a4 c6 15. Bb6 Rd7 16. b4 Bd8 17. Be3 cxd5 18. Re1 d4 19. Bg4 Nxg4 20. Qxg4 dxe3 21. Rxe3 Nc6 22. Rb1 Nd4 23. Rg3 f6 24. h4 Qe6 25. Qh5 Qf7 26. Qg4 Rc8 27. Nd1 Rxc2 28. Ne3 Ne2+ 29. Kh2 Ra2 30. Nf5 Kh8 31. Re3 Nd4 32. Ng3 Rxf2 33. Nf5 Rf4 34. Qg3 Nxf5 35. exf5 Rxf5 36. Qg4 Qg6 37. Qc4 Rf4 38. Qc8 Rxh4+ 39. Rh3 Rxh3+ 40. gxh3 Qf7 41. Rc1 Qe7 42. b5 Rc7 43. Rxc7 Qxc7 44. Qe6 h6 45. Qe8+ Kh7 46. Qh5 Qc2+ 47. Kh1 Qe4+ 48. Kh2 axb5 49. axb5 Bb6 50. Qd1 Be3 51. Qf1 Qc2+ 52. Kh1 Qe4+ 53. Kh2 Qf4+ 54. Qxf4 Bxf4+ 55. Kg2 Kg6 56. Kf3 Kf5 57. b6 e4+ 58. Ke2 Ke5 59. h4 Kd4 60. h5 Kc3 61. Kf2 Kd2 62. Kf1 e3 63. Kg2 e2 64. Kf3 Be3 65. Kg2 e1Q 66. Kh3 Ke2 67. Kg2 0-1

[Event "Piacenza Ruscitti Memorial"]
[Site "Piacenza"]
[Date "2022.10.22"]
[Round "2"]
[White "Scovazzi, Tullio"]
[Black "Losio, Antonio"]
[Result "1-0"]
[WhiteElo "1547"]
[BlackElo "1170"]
[PlyCount "67"]
[EventDate "2022.10.22"]
[EventType "swiss"]
[EventRounds "5"]
[EventCountry "ITA"]
[SourceTitle "EXT 2024"]
[Source "ChessBase"]
[SourceDate "2023.10.10"]
[SourceVersion "1"]
[SourceVersionDate "2023.10.10"]
[SourceQuality "1"]

1. e4 e5 2. Nf3 Nc6 3. Nc3 Nf6 4. d4 d6 5. dxe5 Nxe5 6. Nxe5 dxe5 7. Qxd8+ Kxd8 8. Bc4 Ke8 9. 0-0 c6 10. Be3 a6 11. Rad1 b5 12. Bb3 b4 13. Ba4 Bd7 14. Ne2 Nxe4 15. Bb3 Rd8 16. Bb6 Rb8 17. Bc7 Rb5 18. Bxf7+ Ke7 19. Bc4 Rc5 20. b3 a5 21. Bb6 Rxc4 22. bxc4 a4 23. f3 Nc3 24. Nxc3 bxc3 25. Rd3 Ke6 26. Rfd1 Be8 27. Rxc3 Bb4 28. Re3 Kf5 29. c3 Be7 30. Kf1 Bf7 31. Re4 Rb8 32. Bc7 Re8 33. Bxe5 g5 34. Bd6 1-0

[Event "Milan SSM op-B 08"]
[Site "Milan"]
[Date "2015.08.01"]
[Round "2"]
[White "Scovazzi, Tullio"]
[Black "Vece, Luigi"]
[Result "0-1"]
[WhiteElo "1643"]
[BlackElo "1565"]
[PlyCount "120"]
[EventDate "2015.07.31"]
[EventType "swiss"]
[EventRounds "7"]
[EventCountry "ITA"]
[SourceTitle "EXT 2022"]
[Source "ChessBase"]
[SourceDate "2021.10.06"]
[SourceVersion "1"]
[SourceVersionDate "2021.10.06"]
[SourceQuality "1"]

1. e4 c5 2. d4 e6 3. Nf3 cxd4 4. c3 dxc3 5. Nxc3 Bb4 6. Bc4 Qc7 7. Qd3 Nc6 8. 0-0 a6 9. a3 Be7 10. Be3 Nf6 11. Rac1 0-0 12. Ba2 b5 13. Qe2 Bb7 14. Nd5 Nxd5 15. exd5 exd5 16. Bxd5 Qb8 17. Rfd1 Bf6 18. Ba2 d6 19. Bb1 g6 20. Qd2 Ne5 21. Nxe5 Bxe5 22. f4 Bg7 23. b3 d5 24. Bd4 Bxd4+ 25. Qxd4 Qd6 26. b4 Rac8 27. Ba2 Rxc1 28. Rxc1 Rd8 29. g3 Re8 30. Bb1 Re2 31. Rd1 Qe6 32. Bd3 Ra2 33. Qa7 Qc6 34. Qb8+ Kg7 35. Qe5+ Qf6 36. Bf1 Qxe5 37. fxe5 Rxa3 38. Bg2 Rb3 39. Rd4 Kf8 40. Kf2 Ke7 41. Bh3 Bc6 42. Bg4 Rb2+ 43. Kg1 h5 44. Bc8 Re2 45. Bxa6 Rxe5 46. Rd2 Re4 47. Rc2 Rc4 48. Rb2 Rc1+ 49. Kf2 Rh1 50. Ke3 Kd6 51. Bc8 g5 52. Bf5 Ke5 53. Rc2 Kxf5 54. Rxc6 Rxh2 55. Rc5 Ke5 56. Rxb5 Rb2 57. Kd3 Rb3+ 58. Kc2 Rxg3 59. Ra5 Kd6 60. Ra8 h4 0-1

[Event "Ceriano Laghetto op-B 24th"]
[Site "Ceriano Laghetto"]
[Date "2015.03.06"]
[Round "1"]
[White "Regorda, Vittorio"]
[Black "Scovazzi, Tullio"]
[Result "1-0"]
[WhiteElo "1791"]
[BlackElo "1679"]
[PlyCount "45"]
[EventDate "2015.03.06"]
[EventType "swiss"]
[EventRounds "5"]
[EventCountry "ITA"]
[SourceTitle "EXT 2017"]
[Source "ChessBase"]
[SourceDate "2016.10.25"]
[SourceVersion "1"]
[SourceVersionDate "2016.10.25"]
[SourceQuality "1"]

1. d4 d5 2. c4 dxc4 3. e3 c5 4. Nf3 Nf6 5. Bxc4 e6 6. 0-0 a6 7. Qe2 b5 8. Bb3 Bb7 9. dxc5 Bxc5 10. Rd1 Qb6 11. Nc3 0-0 12. Bc2 Nbd7 13. a3 Rfd8 14. b4 Bf8 15. Bb2 g6 16. Rac1 Bg7 17. Nb1 Nd5 18. Bxg7 Kxg7 19. Bb3 Rac8 20. Qb2+ Kg8 21. Bxd5 Bxd5 22. Nbd2 Nf6 23. Qxf6 1-0

[Event "Lombardia Region-ch"]
[Site "Saronno"]
[Date "2013.05.26"]
[Round "4"]
[White "Aldeghi, Damiano"]
[Black "Scovazzi, Tullio"]
[Result "0-1"]
[WhiteElo "1441"]
[BlackElo "1679"]
[PlyCount "100"]
[EventDate "2013.05.24"]
[EventType "swiss"]
[EventRounds "5"]
[EventCountry "ITA"]
[SourceTitle "EXT 2015"]
[Source "ChessBase"]
[SourceDate "2014.11.20"]
[SourceVersion "1"]
[SourceVersionDate "2014.11.20"]
[SourceQuality "1"]

1. e4 e5 2. Nf3 Nc6 3. Bc4 Be7 4. Nc3 Nf6 5. d3 d6 6. h3 0-0 7. 0-0 Na5 8. Bb3 Nxb3 9. axb3 Be6 10. d4 exd4 11. Qxd4 a6 12. Bg5 Nd7 13. Bxe7 Qxe7 14. Rfe1 f6 15. Nd5 Bxd5 16. exd5 Qf7 17. c4 Ne5 18. Re3 Rfe8 19. Rae1 Nxf3+ 20. gxf3 Re5 21. Rxe5 fxe5 22. Qg4 Rf8 23. Kg2 Qf4 24. Qxf4 Rxf4 25. Re4 g5 26. h4 h6 27. Rxf4 exf4 28. Kh3 Kg7 29. Kg4 Kg6 30. hxg5 hxg5 31. b4 b6 32. b3 Kf6 33. Kh5 Kf5 34. Kh6 g4 35. fxg4+ Kxg4 36. Kg6 f3 37. Kf7 Kh3 38. Ke7 Kg2 39. Kd7 Kxf2 40. Kxc7 Ke2 41. Kxd6 f2 42. Kc7 f1Q 43. d6 Qf4 44. c5 bxc5 45. bxc5 Kd3 46. Kc8 Qf8+ 47. Kc7 Kd4 48. c6 Kd5 49. d7 Qd6+ 50. Kd8 Qxc6 0-1

[Event "Ceriano Laghetto op-B 22nd"]
[Site "Ceriano Laghetto"]
[Date "2013.03.02"]
[Round "2"]
[White "Scovazzi, Tullio"]
[Black "Regorda, Vittorio"]
[Result "0-1"]
[WhiteElo "1696"]
[BlackElo "1786"]
[PlyCount "86"]
[EventDate "2013.03.01"]
[EventType "swiss"]
[EventRounds "5"]
[EventCountry "ITA"]
[SourceTitle "EXT 2024"]
[Source "ChessBase"]
[SourceDate "2023.10.10"]
[SourceVersion "1"]
[SourceVersionDate "2023.10.10"]
[SourceQuality "1"]

1. e4 e6 2. d4 d5 3. exd5 exd5 4. Bd3 Bd6 5. Ne2 Ne7 6. 0-0 0-0 7. Bf4 Nbc6 8. c3 Bg4 9. f3 Bf5 10. Re1 Bxd3 11. Qxd3 Ng6 12. Bxd6 Qxd6 13. Nd2 Rae8 14. Ng3 Qf4 15. Nb3 a6 16. Nc5 Rb8 17. Nd7 f5 18. Nxb8 Nxb8 19. Re3 Qg5 20. Nxf5 Qxf5 21. Qxf5 Rxf5 22. Re8+ Rf8 23. Rae1 Nd7 24. Kf2 Kf7 25. Rxf8+ Ndxf8 26. Kg3 Ne6 27. Kg4 Kf6 28. g3 c6 29. f4 Ne7 30. Kf3 g6 31. g4 Nc8 32. h4 Nd6 33. h5 gxh5 34. gxh5 Nf7 35. Rg1 Nh6 36. Re1 Ng7 37. Rh1 Ngf5 38. Re1 Nh4+ 39. Kf2 Kf7 40. Rg1 N4f5 41. Kf3 Nd6 42. Rg2 Ne4 43. c4 Nf5 0-1

[Event "Milan Province-ch"]
[Site "Milan"]
[Date "2013.01.27"]
[Round "5"]
[White "Podetti, Davide"]
[Black "Scovazzi, Tullio"]
[Result "0-1"]
[WhiteElo "1733"]
[BlackElo "1692"]
[PlyCount "130"]
[EventDate "2013.01.24"]
[EventType "swiss"]
[EventRounds "6"]
[EventCountry "ITA"]
[SourceTitle "EXT 2014"]
[Source "ChessBase"]
[SourceDate "2013.11.20"]
[SourceVersion "1"]
[SourceVersionDate "2013.11.20"]
[SourceQuality "1"]

1. e4 e5 2. Nf3 Nc6 3. Bc4 Be7 4. Nc3 Nf6 5. 0-0 0-0 6. d3 d6 7. h3 Na5 8. Bb3 Nxb3 9. axb3 Be6 10. Nh2 d5 11. exd5 Nxd5 12. Nxd5 Bxd5 13. Ng4 f6 14. Ne3 a5 15. Qg4 Kh8 16. h4 Bc6 17. Nf5 Rf7 18. Nxe7 Rxe7 19. Re1 b6 20. Be3 Qd5 21. f3 Rae8 22. Bf2 Bd7 23. Qe4 Qf7 24. Qc4 Be6 25. Qc3 Bd5 26. Bg3 c5 27. Kf2 Re6 28. Rad1 R8e7 29. Re3 Qe8 30. Rde1 Kg8 31. R1e2 Kf7 32. Ke1 Qa8 33. Kd2 Qa7 34. Ke1 b5 35. Kf2 b4 36. Qe1 a4 37. bxa4 Qxa4 38. b3 Qc6 39. Qh1 Qe8 40. Qh3 Ra6 41. Qg4 Rae6 42. Qf5 g6 43. Qh3 f5 44. Bh2 f4 45. Re4 Bxe4 46. Rxe4 h5 47. g3 fxg3+ 48. Qxg3 Qa8 49. Qg5 Qa1 50. Qh6 Ke8 51. Qh8+ Kd7 52. Qb8 Qc3 53. Qb5+ Kd8 54. Qa5+ Ke8 55. Qa8+ Kf7 56. Rc4 Qd2+ 57. Kg3 Qe1+ 58. Kg2 Qe2+ 59. Kh3 Rf6 60. Qd5+ Kg7 61. Bg3 Rxf3 62. Qe4 Qf2 63. Qxf3 Qxf3 64. Rxc5 Qh1+ 65. Bh2 Rf7 0-1

[Event "Milan Province-ch"]
[Site "Milan"]
[Date "2013.01.26"]
[Round "4"]
[White "Scovazzi, Tullio"]
[Black "Vignati, Andrea"]
[Result "1-0"]
[WhiteElo "1692"]
[BlackElo "1560"]
[PlyCount "57"]
[EventDate "2013.01.24"]
[EventType "swiss"]
[EventRounds "6"]
[EventCountry "ITA"]
[SourceTitle "EXT 2014"]
[Source "ChessBase"]
[SourceDate "2013.11.20"]
[SourceVersion "1"]
[SourceVersionDate "2013.11.20"]
[SourceQuality "1"]

1. e4 e5 2. Bc4 Nc6 3. Nc3 Nf6 4. Nf3 Bc5 5. 0-0 d6 6. h3 Be6 7. Bb3 Qd7 8. d3 Bxh3 9. gxh3 Qxh3 10. Nh2 Nd4 11. Be3 Nxb3 12. axb3 Bxe3 13. fxe3 Qxe3+ 14. Kh1 h5 15. Nd5 Nxd5 16. exd5 Qd4 17. Qf3 Rf8 18. c3 Qb6 19. b4 g6 20. Rae1 Kd7 21. Qg2 c6 22. Rf6 Ke7 23. Ref1 cxd5 24. Qxd5 Qc6 25. Rxf7+ Rxf7 26. Rxf7+ Ke8 27. Qxc6+ bxc6 28. Rg7 a5 29. Rg8+ 1-0

[Event "Milan Province-ch"]
[Site "Milan"]
[Date "2013.01.25"]
[Round "2"]
[White "Scovazzi, Tullio"]
[Black "Boer, Stefan"]
[Result "1/2-1/2"]
[WhiteElo "1692"]
[BlackElo "1903"]
[PlyCount "91"]
[EventDate "2013.01.24"]
[EventType "swiss"]
[EventRounds "6"]
[EventCountry "ITA"]
[SourceTitle "EXT 2014"]
[Source "ChessBase"]
[SourceDate "2013.11.20"]
[SourceVersion "1"]
[SourceVersionDate "2013.11.20"]
[SourceQuality "1"]

1. e4 c6 2. d4 d5 3. exd5 cxd5 4. Bd3 Nc6 5. c3 Nf6 6. Bf4 Bg4 7. Nf3 e6 8. Nbd2 Be7 9. 0-0 0-0 10. Qb3 Na5 11. Qc2 Bh5 12. Ne5 Bg6 13. Nxg6 hxg6 14. Nf3 Rc8 15. Rac1 Nc6 16. Qb1 Bd6 17. Bg3 Bxg3 18. hxg3 Qd6 19. Rfe1 Ne7 20. Ne5 Nf5 21. g4 Ne7 22. Re2 Nd7 23. Rce1 Nxe5 24. Rxe5 a6 25. a4 Qd7 26. Qd1 b5 27. R5e2 Rb8 28. Rd2 Rfe8 29. Qe2 Rb6 30. Ra1 Reb8 31. axb5 axb5 32. b4 Nc8 33. Rda2 Nd6 34. Ra8 Qc8 35. Rxb8 Rxb8 36. Qd2 Rb7 37. f3 Rc7 38. Ra5 Qb7 39. Qa2 Nc4 40. Bxc4 Rxc4 41. Qd2 Qc6 42. Ra3 Kh7 43. Qg5 Qc8 44. Qe7 Rc7 45. Qg5 Qb7 46. Qh4+ 1/2-1/2

[Event "Messina op-B 1st"]
[Site "Messina"]
[Date "2011.08.30"]
[Round "3"]
[White "Scovazzi, Tullio"]
[Black "Colnaghi, Davide"]
[Result "1/2-1/2"]
[WhiteElo "1729"]
[BlackElo "1503"]
[PlyCount "64"]
[EventDate "2011.08.28"]
[EventType "swiss"]
[EventRounds "3"]
[EventCountry "ITA"]
[SourceTitle "EXT 2024"]
[Source "ChessBase"]
[SourceDate "2023.10.10"]
[SourceVersion "1"]
[SourceVersionDate "2023.10.10"]
[SourceQuality "1"]

1. e4 e5 2. Bc4 Nf6 3. Nc3 d6 4. Nge2 Be6 5. Bb3 Be7 6. 0-0 c6 7. d4 exd4 8. Nxd4 d5 9. Nxe6 fxe6 10. e5 Nfd7 11. Qg4 Nxe5 12. Qxe6 Qd6 13. Qxd6 Bxd6 14. Bg5 0-0 15. f3 Nbd7 16. Ne2 Rf5 17. Bh4 Ng6 18. Bf2 h5 19. c4 h4 20. h3 Re8 21. Nd4 Rg5 22. cxd5 c5 23. Ne6 Rf5 24. Rfe1 Nde5 25. Nxc5 Nf4 26. Kh1 Nxh3 27. gxh3 Rxf3 28. Kg2 Ref8 29. Rf1 Bxc5 30. Bxc5 Rg3+ 31. Kh1 Rxh3+ 32. Kg2 Rg3+ 1/2-1/2

[Event "Amantea op-B 8th"]
[Site "Amantea"]
[Date "2010.08.29"]
[Round "1"]
[White "Scerra, Ezio"]
[Black "Scovazzi, Tullio"]
[Result "1-0"]
[WhiteElo "1419"]
[BlackElo "1753"]
[PlyCount "113"]
[EventDate "2010.08.29"]
[EventType "swiss"]
[EventRounds "9"]
[EventCountry "ITA"]
[SourceTitle "CBM 138 Extra"]
[Source "ChessBase"]
[SourceDate "2010.10.29"]
[SourceVersion "1"]
[SourceVersionDate "2010.10.29"]
[SourceQuality "1"]

1. c4 e6 2. Nc3 d5 3. cxd5 exd5 4. d4 Nf6 5. e3 Bd6 6. Be2 0-0 7. Nf3 c6 8. 0-0 Bg4 9. a3 Qc7 10. e4 dxe4 11. Ne5 Bxe2 12. Qxe2 Bxe5 13. dxe5 Qxe5 14. f4 Qe7 15. b4 Nbd7 16. Bd2 Rfe8 17. Rad1 Nd5 18. Nxd5 cxd5 19. Be3 Nf6 20. g4 Red8 21. g5 Ne8 22. f5 b6 23. Qg4 Qd7 24. Bd4 g6 25. Be5 Ng7 26. Bxg7 Kxg7 27. f6+ Kg8 28. Qh4 Qe8 29. Rf4 Kh8 30. Qh6 Qg8 31. Qh3 Rac8 32. Qh6 Rc3 33. Rxe4 Rdc8 34. Red4 Rc1 35. Rxd5 Rxd1+ 36. Rxd1 a5 37. bxa5 bxa5 38. Rd5 a4 39. Ra5 Qf8 40. Qxf8+ Rxf8 41. Rxa4 h6 42. Rh4 h5 43. a4 Ra8 44. Re4 Rb8 45. h4 Kg8 46. Kg2 Kf8 47. Kf3 Rb1 48. a5 Ra1 49. Re5 Ra4 50. Rb5 Ke8 51. Rb8+ Kd7 52. Rb7+ Ke8 53. Re7+ Kf8 54. Ra7 Ke8 55. a6 Rxh4 56. Re7+ Kf8 57. Rb7 1-0